Südamerikanische Millionenstädte - Sudden Death - Statistiken

Allgemein
  • Dieses Quiz wurde 340 mal gespielt
  • Das Durchschnittsergebnis liegt bei 4 aus 15
Answers on the Grid
Answers color-coded by a green-red scale on the quiz's grid according to % correct below.
Asunción
Barranquilla
Belém
Brasília
Cali
Campinas
Cartagena
Cayenne
Ciudad de la Costa
Ciudad del Este
Ciudad Guayana
Cúcuta
Cuenca
Cusco
Fortaleza
Georgetown
Goiânia
Guarulhos
Guayaquil
Iquitos
Manaus
Maracaibo
Montevideo
Paramaribo
Porto Alegre
Puente Alto
San Miguel de Tucumán
Santa Cruz de la Sierra
Sorocaba
Sucre
 
Antwortstatistiken
Antwort % Korrekt
Brasília
76%
Montevideo
48%
Porto Alegre
41%
Manaus
33%
Fortaleza
30%
Belém
26%
Cali
25%
Santa Cruz de la Sierra
19%
Guayaquil
16%
Barranquilla
15%
Campinas
13%
Cartagena
11%
Maracaibo
11%
Goiânia
8%
Guarulhos
4%
Keine übereinstimmenden Quizze gefunden
Verteilung der Resultate
Anzahl Personen mit jedem Resultat
Perzentil nach korrekt beantworteten Fragen
Ihre Resultats-Entwicklung
Sie haben dieses Quiz noch nicht gespielt